Arsenal Women Squad 21/22 - Statistics

General Stats
  • This quiz has been taken 73 times
  • The average score is 16 of 24
Answer Stats
Hint Answer % Correct
6 Leah Williamson
97%
9 Beth Mead
95%
11 Vivianne Miedema
93%
19 Caitlin Foord
90%
1 Manuela Zinsberger
88%
18 Lydia Williams
84%
8 Jordan Nobbs
83%
15 Katie McCabe
81%
10 Kim Little
81%
13 Lia Wälti
79%
7 Steph Catley
79%
5 Jennifer Beattie
72%
3 Lotte Wubben Moy
71%
25 Stina Blackstenius
71%
12 Frida Maanum
67%
Coach Jonas Eidevall
55%
26 Laura Wienroither
55%
16 Noëlle Maritz
52%
2 Rafaelle
48%
77 Tobin Heath
45%
14 Nikita Parris
38%
23 Mana Iwabuchi
31%
20 Simone Boye
21%
24 Fran Stenson
19%
No matching quizzes found
Score Distribution
Percent of People with Each Score
Percentile by Number Answered
Your Score History
You have not taken this quiz